Normal view
MARC view
- الطبري، محمود عمر، م. مشارك خالد جمال الجعارات
Entry Personal Name
001 - CONTROL NUMBER
- control field: 58157
003 - CONTROL NUMBER IDENTIFIER
- control field: JO-AjAnu
005 - DATE AND TIME OF LATEST TRANSACTION
- control field: 20230606083523.0
008 - FIXED-LENGTH DATA ELEMENTS
- fixed length control field: 230606|| aca||aabn | a|a d
040 ## - CATALOGING SOURCE
- Original cataloging agency: JO-AjAnu
- Transcribing agency: JO-AjAnu
100 ## - HEADING--PERSONAL NAME
- Personal name: الطبري، محمود عمر، م. مشارك خالد جمال الجعارات
670 ## - SOURCE DATA FOUND
- Source citation: Work cat.: (JO-AjAnu)29670: الطبري، محمود عمر، م. مشارك خالد جمال الجعارات, author, تطبيقات محاسبة باستخدام الجداول الإلكترونية مايكروسوفت أوفيس إكسيل